Physics by inquiry: an introduction to physics and the physical sciences

Сохранить в:
Библиографические подробности
Главные авторы: McDermott, Lillian C. (autora), Shaffer, Peter S (Автор), Rosenquist, Mark L (Автор)
Формат:
Язык:английский
Опубликовано: Hoboken John Wiley and Sons 1996
Предметы:
Метки: Добавить метку
Нет меток, Требуется 1-ая метка записи!

MARC

LEADER 00000nam a2200000 a 4500
001 UCG7250
003 CL-VaPUC
008 110701e19960000us |||||||||||||||||eng|d
020 |a 9780471144403 
082 0 4 |a 530.07  |b MCD  |2 21 
100 |a McDermott, Lillian C.  |e autora  |9 557955 
700 0 |a Shaffer, Peter S  |e author  |9 557946 
700 0 |a Rosenquist, Mark L  |e author  |9 557947 
245 1 0 |a Physics by inquiry: an introduction to physics and the physical sciences 
300 |a v 
942 |c BK 
945 |d 20110701 00:00:00  |a dcastane 
260 |a Hoboken  |b John Wiley and Sons  |c 1996 
650 0 |a Física teórica  |9 345827 
650 0 |a Física matemática   |9 260981 
650 7 |a PROPIEDADES DE LA MATERIA  |2 CL-VaPUC  |9 316816 
650 7 |a CALOR Y TERMODINAMICA  |2 CL-VaPUC  |9 557948 
650 7 |a LUZ Y COLOR  |2 CL-VaPUC  |9 557949 
650 0 |a Magnetismo  |9 260336 
650 0 |a Astronomía  |9 260985 
650 0 |a Problemas, ejercicios, etc  |9 259377 
583 |a last modification  |c 20171116 02:04:17  |k Rodrigo Vera 
999 |c 345309  |d 345307 
952 |0 0  |1 0  |4 0  |6 530_070000000000000_MCD_1996  |7 0  |8 A  |9 443811  |a BIBCUR  |b BIBCUR  |d 2019-11-22  |h v.1  |i 4786440  |o 530.07 MCD 1996  |p 4786440  |r 2025-04-22  |w 2019-11-22  |y BK  |k MDC